000 00982nas a2200337 4500
001 BR9902898
003 BR-BrBNA
005 20231205101440.0
007 ta
008 230509b bl.|||p| |||| 00| 00por d
040 _aBR-BrBNA
_bpor
_cBiblioteca Nacional de Agricultura
041 _a(Pt)
072 _aP33
100 1 _aSilva, V.M.
100 1 _aTrivelin, P.C.O.
100 1 _aColaco, W.
100 1 _aEncarnacao, F.A.F. da
100 1 _aCabezas, W.A.R.L.
245 1 _aMineralizacao e volatilizacao do nitrogenio da vinhaca - 15N na presenca ou nao de ureia e de palha de cana-de-acucar
650 _aSolo
650 _aNitrogenio
650 _aMineralizacao
650 _aEvaporacao
650 _aVinhaca
650 _aUreia
650 _aPalha
650 _aCana de Acucar
773 0 _tScientia Agricola (Brazil)
_xISSN 0103-9016
_g(Jan-Mar 1999), v. 56(1) p. 117-123
_wBR9902898
909 _a202311
_bLúcia
_c55
_dLúcia Elande
942 _2AGRIS
_n0
_cANA
999 _c161913
_d161913